Представление документа в формате RUSMARC

ПолеНазваниеЗначение
  Тип записи a
  Библиографический уровень m
001 Контрольный номер UONB/MAIN/e772109b539244f5b6ac933e5d7f055f
005 Дата корректировки 20260429170617.6
010 Индекс ISBN __
b Уточнения в пер.
d Цена 1 р. 10 к.
9 Тираж 24000 экз.
100 Данные общей обработки __
a Данные общей обработки 20260429d1978 u y0rusy0189 ca
101 Язык документа 0_
a Язык текста rus
102 Страна публикации __
a Страна публикации RU
105 Кодированные данные (монография) __
a Кодированные данные (монография) y z 001yy
200 Заглавие и сведения об ответственности 1_
a Заглавие Экономика монтажных и специальных монтажных работ
f Первые сведения об ответственности Н. Ф. Тимошенко, Н. И. Кабыченко, М. П. Басов [и др.]
203 Вид содержания и тип средства __
a Вид содержания Текст
b Характеристика содержания визуальный
c Тип средства непосредственный
205 Сведения об издании __
a Основные сведения об издании 2-е изд., перераб. и доп.
210 Выходные данные 1_
a Место издания Киев
c Издательство Будiвельник
d Дата издания 1978
215 Физическое описание __
a Объем 152 с.
d Формат 22 см
320 Библиография __
a Библиография Библиогр.: с. 150-151
606 Тематические рубрики 0_
a Основная рубрика Строительные организации
x Основная подрубрика Экономика
610 Ключевые слова 0_
a Ключевые слова строительные организации; экономика
675 Индекс УДК __
a Индекс УДК 338:6С6
701 Альтернативная интеллектуальная ответственность _1
a Фамилия Тимошенко
b Имя (инициалы) Н. Ф.
g Полное личное имя Николай Федорович
701 Альтернативная интеллектуальная ответственность _1
a Фамилия Кабыченко
b Имя (инициалы) Н. И.
701 Альтернативная интеллектуальная ответственность _1
a Фамилия Басов
b Имя (инициалы) М. П.
701 Альтернативная интеллектуальная ответственность _1
a Фамилия Годиенко
b Имя (инициалы) Н. И.
801 Источник записи _0
a Страна RU
b Организация Ульяновская ОНБ
c Дата составления 20260429
g Правила каталогизации RCR
801 Источник записи _1
a Страна RU
b Организация Ульяновская ОНБ
c Дата составления 20260429
g Правила каталогизации RCR
901 Тип документа __
t Тип документа m
909 Создатель записи __
a Создатель записи Кадыкова
b Дата создания записи 20260429